[Event "DEM U10w 2023"]
[Site "Willingen GER"]
[Date "2023.05.28"]
[Round "1"]
[White "Tischlinger, Lara"]
[Black "Greither, Flora"]
[Result "1-0"]
[Termination "normal"]
[Board "10"]
[WhiteElo "1238"]
[BlackElo "978"]
[WhiteClock "00:57:56"]
[BlackClock "01:14:00"]
[PlyCount "75"]
[WhiteFideId "34663401"]
[BlackFideId "533000697"]
[EventCountry "GER"]
[EventRounds "11"]
[EventType "swiss"]
[EventDate "2023.05.27"]

1. e4 {[%clk 01:15:57]} {[%emt 00:00:02]} e5 {[%clk 01:15:58]} {[%emt
00:00:03]} 2. Nf3 {[%clk 01:16:21]} {[%emt 00:00:06]} Nc6 {[%clk 01:16:23]}
{[%emt 00:00:06]} 3. d4 {[%clk 01:16:43]} {[%emt 00:00:07]} exd4 {[%clk
01:16:44]} {[%emt 00:00:10]} 4. Nxd4 {[%clk 01:17:02]} {[%emt 00:00:09]} Bc5
{[%clk 01:17:10]} {[%emt 00:00:05]} 5. Nb3 {[%clk 01:17:21]} {[%emt 00:00:11]}
Bb6 {[%clk 01:17:32]} {[%emt 00:00:08]} 6. Qe2 {[%clk 01:17:44]} {[%emt
00:00:06]} d6 {[%clk 01:17:24]} {[%emt 00:00:39]} 7. Nc3 {[%clk 01:18:01]}
{[%emt 00:00:12]} Nf6 {[%clk 01:17:40]} {[%emt 00:00:14]} 8. Be3 {[%clk
01:18:09]} {[%emt 00:00:22]} Bg4 {[%clk 01:17:25]} {[%emt 00:00:46]} 9. f3
{[%clk 01:17:59]} {[%emt 00:00:40]} Bxe3 {[%emt 00:01:00]} 10. Qxe3 {[%clk
01:17:52]} Be6 {[%clk 01:17:47]} {[%emt 00:00:13]} 11. Nd5 {[%clk 01:14:02]}
{[%emt 00:04:20]} O-O {[%clk 01:17:21]} {[%emt 00:00:57]} 12. Nxf6+ {[%clk
01:13:05]} {[%emt 00:01:26]} Qxf6 {[%clk 01:17:40]} {[%emt 00:00:11]} 13. O-O-O
{[%clk 01:13:24]} {[%emt 00:00:11]} Nb4 {[%clk 01:17:14]} {[%emt 00:00:57]} 14.
Kb1 {[%clk 01:11:22]} {[%emt 00:02:32]} a5 {[%clk 01:17:01]} {[%emt 00:00:43]}
15. a3 {[%clk 01:08:35]} {[%emt 00:03:17]} a4 {[%clk 01:16:19]} {[%emt
00:01:12]} 16. Nd4 {[%clk 01:06:48]} {[%emt 00:02:17]} Ba2+ {[%clk 01:16:24]}
{[%emt 00:00:26]} 17. Ka1 {[%clk 01:05:20]} {[%emt 00:01:57]} c5 {[%clk
01:16:04]} {[%emt 00:00:50]} 18. axb4 {[%clk 01:04:36]} {[%emt 00:01:14]} cxd4
{[%clk 01:16:21]} {[%emt 00:00:12]} 19. Qxd4 {[%clk 01:04:46]} {[%emt
00:00:18]} Qxd4 {[%clk 01:16:15]} {[%emt 00:00:39]} 20. Rxd4 {[%clk 01:04:44]}
{[%emt 00:00:29]} Rfc8 {[%clk 01:16:11]} {[%emt 00:00:35]} 21. Kxa2 {[%clk
01:03:53]} {[%emt 00:01:23]} Rxc2 {[%clk 01:16:29]} {[%emt 00:00:09]} 22. Rd3
{[%clk 01:03:46]} {[%emt 00:00:39]} Rac8 {[%clk 01:15:26]} {[%emt 00:01:33]}
23. Rxd6 {[%clk 01:01:17]} {[%emt 00:03:00]} h6 {[%clk 01:15:00]} {[%emt
00:00:56]} 24. Bb5 {[%clk 00:58:05]} {[%emt 00:03:42]} Ra8 {[%clk 01:14:25]}
{[%emt 00:01:05]} 25. Rhd1 {[%clk 00:56:34]} {[%emt 00:02:01]} Kh7 {[%clk
01:14:17]} {[%emt 00:00:38]} 26. e5 {[%clk 00:55:39]} {[%emt 00:01:26]} a3
{[%clk 01:14:34]} {[%emt 00:00:12]} 27. Bd3+ {[%clk 00:55:17]} {[%emt
00:00:52]} g6 {[%clk 01:14:50]} {[%emt 00:00:50]} 28. Bxc2 {[%clk 00:56:00]}
{[%emt 00:00:10]} h5 {[%clk 01:14:49]} {[%emt 00:00:31]} 29. bxa3 {[%clk
00:56:13]} {[%emt 00:00:18]} b5 {[%clk 01:15:01]} {[%emt 00:00:17]} 30. Rd7
{[%clk 00:56:31]} {[%emt 00:00:12]} Kg7 {[%clk 01:15:09]} {[%emt 00:00:22]} 31.
Bb3 {[%clk 00:56:51]} {[%emt 00:00:10]} Kh6 {[%clk 01:14:21]} {[%emt 00:01:18]}
32. Rxf7 {[%clk 00:56:52]} {[%emt 00:00:29]} Rh8 {[%clk 01:14:37]} {[%emt
00:00:13]} 33. Bc2 {[%clk 00:57:08]} {[%emt 00:00:16]} Rg8 {[%clk 01:14:42]}
{[%emt 00:00:25]} 34. Rdd7 {[%clk 00:57:11]} {[%emt 00:00:27]} Kg5 {[%clk
01:14:49]} {[%emt 00:00:22]} 35. f4+ {[%clk 00:57:16]} {[%emt 00:00:26]} Kg4
{[%clk 01:14:27]} {[%emt 00:00:52]} 36. Bd1+ {[%clk 00:57:32]} {[%emt
00:00:14]} Kh4 {[%clk 01:14:47]} {[%emt 00:00:09]} 37. Rd3 {[%clk 00:57:56]}
{[%emt 00:00:07]} g5 {[%clk 01:14:00]} {[%emt 00:01:18]} 38. Rh3# {[%emt
00:01:33]} 1-0

[Event "DEM U10w 2023"]
[Site "Willingen GER"]
[Date "2023.05.28"]
[Round "1"]
[White "Guruprasad, Aditi"]
[Black "Lu, Sheng"]
[Result "1-0"]
[Termination "normal"]
[Board "11"]
[WhiteElo "893"]
[BlackElo "1227"]
[WhiteClock "01:02:15"]
[BlackClock "01:06:29"]
[PlyCount "91"]
[BlackFideId "34628061"]
[EventCountry "GER"]
[EventRounds "11"]
[EventType "swiss"]
[EventDate "2023.05.27"]

1. e4 {[%clk 01:15:57]} {[%emt 00:00:02]} e5 {[%clk 01:15:56]} {[%emt
00:00:05]} 2. Nf3 {[%clk 01:16:20]} {[%emt 00:00:07]} Nc6 {[%clk 01:16:20]}
{[%emt 00:00:07]} 3. Bc4 {[%clk 01:16:43]} {[%emt 00:00:06]} Bc5 {[%clk
01:16:40]} {[%emt 00:00:10]} 4. Nc3 {[%clk 01:17:02]} {[%emt 00:00:11]} Nf6
{[%clk 01:17:01]} {[%emt 00:00:09]} 5. d3 {[%clk 01:17:10]} {[%emt 00:00:22]}
h6 {[%clk 01:17:12]} {[%emt 00:00:19]} 6. Bd2 {[%clk 01:16:42]} {[%emt
00:00:57]} d6 {[%clk 01:17:28]} {[%emt 00:00:15]} 7. h3 {[%clk 01:16:17]}
{[%emt 00:00:55]} Be6 {[%clk 01:17:50]} {[%emt 00:00:07]} 8. Bb5 {[%clk
01:15:56]} {[%emt 00:00:50]} a6 {[%clk 01:17:55]} {[%emt 00:00:27]} 9. Bxc6+
{[%clk 01:16:00]} {[%emt 00:00:26]} bxc6 {[%clk 01:18:14]} {[%emt 00:00:10]}
10. O-O {[%clk 01:15:54]} {[%emt 00:00:36]} O-O {[%clk 01:18:14]} {[%emt
00:00:30]} 11. a3 {[%clk 01:15:55]} {[%emt 00:00:30]} Re8 {[%clk 01:18:11]}
{[%emt 00:00:32]} 12. b4 {[%clk 01:14:51]} {[%emt 00:01:34]} Bb6 {[%clk
01:18:18]} {[%emt 00:00:24]} 13. Re1 {[%clk 01:14:31]} {[%emt 00:00:48]} Qd7
{[%clk 01:17:29]} {[%emt 00:01:21]} 14. Kf1 {[%clk 01:12:43]} {[%emt 00:02:17]}
c5 {[%clk 01:17:00]} {[%emt 00:01:00]} 15. Be3 {[%clk 01:12:12]} {[%emt
00:00:59]} cxb4 {[%clk 01:16:45]} {[%emt 00:00:46]} 16. Bxb6 {[%clk 01:12:30]}
{[%emt 00:00:12]} bxc3 {[%clk 01:16:27]} {[%emt 00:00:48]} 17. Ba5 {[%clk
01:10:58]} {[%emt 00:01:56]} Rab8 {[%clk 01:16:39]} {[%emt 00:00:25]} 18. Bxc3
{[%clk 01:10:41]} {[%emt 00:00:47]} c6 {[%clk 01:15:52]} {[%emt 00:01:17]} 19.
Rb1 {[%clk 01:09:52]} {[%emt 00:01:16]} Qc7 {[%clk 01:15:04]} {[%emt 00:01:21]}
20. Rxb8 {[%clk 01:09:33]} {[%emt 00:00:48]} Qxb8 {[%clk 01:13:17]} {[%emt
00:02:18]} 21. Qb1 {[%clk 01:08:42]} {[%emt 00:01:16]} Kf8 {[%clk 01:12:37]}
{[%emt 00:01:15]} 22. Qxb8 {[%clk 01:08:49]} {[%emt 00:00:23]} Rxb8 {[%clk
01:13:01]} {[%emt 00:00:06]} 23. Bb4 {[%clk 01:09:06]} {[%emt 00:00:10]} c5
{[%clk 01:13:07]} {[%emt 00:00:28]} 24. Bd2 {[%clk 01:08:35]} {[%emt 00:00:56]}
Ba2 {[%clk 01:13:00]} {[%emt 00:00:41]} 25. c4 {[%clk 01:07:50]} {[%emt
00:01:11]} Rb3 {[%clk 01:12:21]} {[%emt 00:01:13]} 26. Bc1 {[%clk 01:07:46]}
{[%emt 00:00:30]} Rxd3 {[%clk 01:12:15]} {[%emt 00:00:39]} 27. Ke2 {[%clk
01:07:07]} {[%emt 00:01:08]} Bxc4 {[%clk 01:11:39]} {[%emt 00:01:08]} 28. Rd1
{[%clk 01:06:01]} {[%emt 00:01:34]} Rxa3+ {[%clk 01:10:43]} {[%emt 00:01:27]}
29. Ke1 {[%clk 01:05:40]} {[%emt 00:00:49]} Nxe4 {[%clk 01:09:31]} {[%emt
00:01:45]} 30. Bxa3 {[%clk 01:05:29]} {[%emt 00:00:39]} Bb3 {[%clk 01:09:04]}
{[%emt 00:00:59]} 31. Rb1 {[%clk 01:03:45]} {[%emt 00:02:12]} c4 {[%clk
01:08:07]} {[%emt 00:01:28]} 32. Nd2 {[%clk 01:02:35]} {[%emt 00:01:35]} Nxd2
{[%clk 01:07:32]} {[%emt 00:01:11]} 33. Kxd2 {[%clk 01:02:53]} {[%emt
00:00:12]} Ke7 {[%clk 01:07:21]} {[%emt 00:00:41]} 34. Re1 {[%clk 01:02:32]}
{[%emt 00:00:44]} Ke6 {[%clk 01:07:29]} {[%emt 00:00:28]} 35. f4 {[%clk
01:02:18]} {[%emt 00:00:43]} f6 {[%clk 01:07:17]} {[%emt 00:00:53]} 36. g4
{[%clk 01:02:24]} {[%emt 00:00:21]} d5 {[%clk 01:07:30]} {[%emt 00:00:21]} 37.
fxe5 {[%clk 01:02:18]} {[%emt 00:00:35]} fxe5 {[%clk 01:07:51]} {[%emt
00:00:09]} 38. Bb2 {[%clk 01:02:10]} {[%emt 00:00:37]} d4 {[%clk 01:08:04]}
{[%emt 00:00:19]} 39. Bxd4 {[%clk 01:02:07]} {[%emt 00:00:33]} Kd5 {[%clk
01:07:41]} 40. Bxe5 {[%clk 01:02:19]} {[%emt 00:01:11]} a5 {[%clk 01:07:09]}
41. Bxg7 {[%clk 01:02:41]} {[%emt 00:01:10]} a4 {[%clk 01:07:23]} 42. Bxh6
{[%clk 01:03:03]} {[%emt 00:00:23]} a3 {[%clk 01:07:33]} 43. Bg7 {[%clk
01:03:21]} {[%emt 00:00:30]} a2 {[%clk 01:07:35]} 44. h4 {[%clk 01:03:03]}
{[%emt 00:01:15]} Kc5 {[%emt 00:01:44]} 45. h5 {[%clk 01:03:00]} {[%emt
00:00:31]} Ba4 {[%clk 01:06:29]} {[%emt 00:00:28]} 46. h6 {[%clk 01:02:15]}
{[%emt 00:01:45]} 1-0

[Event "DEM U10w 2023"]
[Site "Willingen GER"]
[Date "2023.05.28"]
[Round "1"]
[White "Rhein, Linnea"]
[Black "Frydel, Helena"]
[Result "0-1"]
[Termination "normal"]
[Board "13"]
[WhiteElo "849"]
[BlackElo "1161"]
[WhiteClock "00:59:19"]
[BlackClock "00:23:59"]
[PlyCount "40"]
[WhiteFideId "34649018"]
[BlackFideId "16266536"]
[EventCountry "GER"]
[EventRounds "11"]
[EventType "swiss"]
[EventDate "2023.05.27"]

1. d4 {[%clk 01:15:58]} {[%emt 00:00:01]} d5 {[%clk 01:15:54]} {[%emt
00:00:07]} 2. Bf4 {[%clk 01:16:15]} {[%emt 00:00:13]} Bf5 {[%clk 01:16:19]}
{[%emt 00:00:06]} 3. e3 {[%clk 01:13:28]} {[%emt 00:03:17]} e6 {[%clk
01:16:41]} {[%emt 00:00:08]} 4. c4 {[%clk 01:13:45]} {[%emt 00:00:11]} Bb4+
{[%clk 01:16:14]} {[%emt 00:00:58]} 5. Nc3 {[%clk 01:13:41]} {[%emt 00:00:34]}
Nf6 {[%clk 01:14:35]} {[%emt 00:02:09]} 6. Qb3 {[%clk 01:13:07]} {[%emt
00:01:05]} Nc6 {[%clk 01:11:28]} {[%emt 00:03:36]} 7. cxd5 {[%clk 01:12:39]}
{[%emt 00:00:58]} Nxd5 {[%clk 01:09:31]} {[%emt 00:02:28]} 8. a3 {[%clk
01:11:41]} {[%emt 00:01:27]} Bxc3+ {[%clk 01:07:26]} {[%emt 00:02:35]} 9. bxc3
{[%clk 01:11:47]} {[%emt 00:00:22]} Rb8 {[%clk 01:03:17]} {[%emt 00:04:41]} 10.
c4 {[%clk 01:09:45]} {[%emt 00:02:28]} Nf6 {[%clk 00:58:57]} {[%emt 00:04:55]}
11. Nf3 {[%clk 01:09:24]} {[%emt 00:00:49]} O-O {[%clk 00:57:36]} {[%emt
00:01:51]} 12. Rd1 {[%clk 01:08:13]} {[%emt 00:01:41]} Be4 {[%clk 00:46:02]}
{[%emt 00:12:04]} 13. Bg5 {[%clk 01:06:29]} {[%emt 00:02:06]} h6 {[%clk
00:35:30]} {[%emt 00:11:10]} 14. Bxf6 {[%clk 01:06:06]} {[%emt 00:00:54]} Qxf6
{[%clk 00:35:37]} {[%emt 00:00:22]} 15. Rg1 {[%clk 01:05:12]} {[%emt 00:01:24]}
Qg6 {[%clk 00:31:09]} {[%emt 00:04:58]} 16. g4 {[%clk 01:02:24]} {[%emt
00:03:17]} Bxf3 {[%clk 00:28:59]} {[%emt 00:02:41]} 17. Rd2 {[%clk 01:01:36]}
{[%emt 00:01:18]} Na5 {[%clk 00:24:07]} {[%emt 00:05:21]} 18. Qb4 {[%clk
01:00:06]} {[%emt 00:02:02]} Rfd8 {[%clk 00:23:12]} {[%emt 00:01:25]} 19. Qxa5
{[%clk 00:59:33]} {[%emt 00:01:00]} Qb1+ {[%clk 00:23:34]} {[%emt 00:00:11]}
20. Rd1 {[%clk 00:59:19]} {[%emt 00:00:44]} Qxd1# {[%clk 00:23:59]} {[%emt
00:00:04]} 0-1

[Event "DEM U10w 2023"]
[Site "Willingen GER"]
[Date "2023.05.28"]
[Round "1"]
[White "Lukas, Olivia"]
[Black "Bräutigam, Viktoria"]
[Result "1-0"]
[Termination "normal"]
[Board "14"]
[WhiteElo "1288"]
[BlackElo "770"]
[WhiteClock "00:41:35"]
[BlackClock "00:57:19"]
[PlyCount "111"]
[WhiteFideId "34632239"]
[BlackFideId "34638652"]
[EventCountry "GER"]
[EventRounds "11"]
[EventType "swiss"]
[EventDate "2023.05.27"]

1. e4 {[%clk 01:15:57]} {[%emt 00:00:03]} e5 {[%clk 01:15:57]} {[%emt
00:00:03]} 2. Nf3 {[%clk 01:16:23]} {[%emt 00:00:05]} Nc6 {[%clk 01:16:02]}
{[%emt 00:00:24]} 3. Bc4 {[%clk 01:16:45]} {[%emt 00:00:08]} Bc5 {[%clk
01:15:00]} {[%emt 00:01:33]} 4. c3 {[%clk 01:17:08]} {[%emt 00:00:06]} Nf6
{[%clk 01:14:17]} {[%emt 00:01:13]} 5. d4 {[%clk 01:17:27]} {[%emt 00:00:11]}
exd4 {[%clk 01:13:36]} {[%emt 00:01:10]} 6. cxd4 {[%clk 01:17:40]} {[%emt
00:00:17]} Bb4+ {[%clk 01:13:23]} {[%emt 00:00:45]} 7. Nc3 {[%clk 01:17:34]}
{[%emt 00:00:35]} O-O {[%clk 01:12:52]} {[%emt 00:01:01]} 8. Bd3 {[%clk
01:13:10]} {[%emt 00:04:55]} d5 {[%clk 01:12:13]} {[%emt 00:01:08]} 9. e5
{[%clk 01:12:02]} {[%emt 00:01:39]} Ng4 {[%clk 01:11:22]} {[%emt 00:01:19]} 10.
O-O {[%clk 01:11:15]} {[%emt 00:01:18]} Be6 {[%clk 01:10:33]} {[%emt 00:01:18]}
11. h3 {[%clk 01:08:40]} {[%emt 00:03:06]} Nh6 {[%clk 01:09:13]} {[%emt
00:01:50]} 12. Bxh6 {[%clk 01:07:05]} {[%emt 00:02:06]} Na5 {[%clk 01:08:46]}
{[%emt 00:00:57]} 13. Bd2 {[%clk 01:04:33]} {[%emt 00:03:02]} Nc4 {[%clk
01:08:19]} {[%emt 00:00:56]} 14. Bxc4 {[%clk 01:03:56]} {[%emt 00:01:08]} dxc4
{[%clk 01:08:29]} {[%emt 00:00:17]} 15. a3 {[%clk 01:03:17]} {[%emt 00:01:12]}
Be7 {[%clk 01:07:56]} {[%emt 00:01:01]} 16. Be3 {[%clk 01:02:34]} {[%emt
00:01:14]} c6 {[%clk 01:06:49]} {[%emt 00:01:36]} 17. Qe2 {[%clk 01:01:37]}
{[%emt 00:01:27]} a5 {[%clk 01:06:21]} {[%emt 00:00:56]} 18. Rfd1 {[%clk
00:59:43]} {[%emt 00:02:26]} b5 {[%clk 01:05:29]} {[%emt 00:01:23]} 19. Na2
{[%clk 00:58:47]} {[%emt 00:01:26]} b4 {[%clk 01:05:10]} {[%emt 00:00:48]} 20.
axb4 {[%clk 00:57:21]} {[%emt 00:01:57]} axb4 {[%clk 01:05:21]} {[%emt
00:00:17]} 21. Rdc1 {[%clk 00:55:57]} {[%emt 00:01:56]} b3 {[%clk 01:05:18]}
{[%emt 00:00:32]} 22. Nc3 {[%clk 00:55:53]} {[%emt 00:00:35]} Rxa1 {[%emt
00:00:23]} 23. Rxa1 {[%emt 00:00:13]} Qb8 {[%clk 01:03:42]} {[%emt 00:01:30]}
24. Bd2 {[%clk 00:53:39]} {[%emt 00:02:44]} g6 {[%clk 01:03:09]} {[%emt
00:01:01]} 25. Qe4 {[%clk 00:50:22]} {[%emt 00:03:49]} c5 {[%clk 01:01:30]}
{[%emt 00:02:07]} 26. d5 {[%clk 00:48:44]} {[%emt 00:02:09]} Bf5 {[%clk
01:01:22]} {[%emt 00:00:38]} 27. Qxc4 {[%clk 00:47:24]} {[%emt 00:01:49]} Qb6
{[%clk 00:59:32]} {[%emt 00:02:19]} 28. d6 {[%clk 00:45:45]} {[%emt 00:02:12]}
Bd8 {[%clk 00:59:42]} {[%emt 00:00:19]} 29. Be3 {[%clk 00:43:59]} {[%emt
00:02:17]} Be6 {[%clk 00:58:23]} {[%emt 00:01:47]} 30. Qxc5 {[%clk 00:43:15]}
{[%emt 00:01:15]} Qxc5 {[%clk 00:58:29]} {[%emt 00:00:21]} 31. Bxc5 {[%clk
00:43:31]} {[%emt 00:00:17]} Kg7 {[%clk 00:57:33]} {[%emt 00:01:25]} 32. Ra8
{[%clk 00:42:55]} {[%emt 00:01:07]} Be7 {[%clk 00:57:07]} {[%emt 00:00:55]} 33.
Rxf8 {[%clk 00:42:12]} {[%emt 00:01:14]} Bxf8 {[%clk 00:57:21]} {[%emt
00:00:14]} 34. Nd4 {[%clk 00:41:36]} {[%emt 00:01:09]} Bd7 {[%clk 00:57:38]}
{[%emt 00:00:13]} 35. Ncb5 {[%clk 00:41:13]} {[%emt 00:00:54]} Kg8 {[%clk
00:57:31]} {[%emt 00:00:35]} 36. Nc7 {[%clk 00:40:39]} {[%emt 00:01:05]} Bh6
{[%clk 00:57:30]} {[%emt 00:00:30]} 37. Nd5 {[%clk 00:39:41]} {[%emt 00:01:29]}
Bc1 {[%clk 00:57:31]} {[%emt 00:00:29]} 38. Nf6+ {[%clk 00:39:23]} {[%emt
00:00:49]} Kf8 {[%clk 00:57:38]} {[%emt 00:00:22]} 39. Nxd7+ {[%clk 00:39:28]}
{[%emt 00:00:26]} Ke8 {[%clk 00:58:03]} {[%emt 00:00:04]} 40. Nf6+ {[%clk
00:39:25]} {[%emt 00:00:34]} Kd8 {[%clk 00:58:14]} {[%emt 00:00:17]} 41. d7
{[%clk 00:39:31]} {[%emt 00:00:26]} Bxb2 {[%clk 00:57:31]} {[%emt 00:01:11]}
42. Nxb3 {[%clk 00:39:24]} {[%emt 00:00:39]} Bxe5 {[%clk 00:57:09]} {[%emt
00:00:50]} 43. Bb6+ {[%clk 00:38:51]} {[%emt 00:01:05]} Bc7 {[%clk 00:57:19]}
{[%emt 00:00:19]} 44. Bxc7+ {[%clk 00:39:05]} {[%emt 00:00:17]} Kxc7 {[%clk
00:57:33]} {[%emt 00:00:15]} 45. Nc5 {[%clk 00:39:15]} {[%emt 00:00:21]} Kd8
{[%clk 00:57:19]} {[%emt 00:00:44]} 46. Nb7+ {[%clk 00:39:29]} {[%emt
00:00:16]} Kc7 {[%emt 00:00:43]} 47. d8=Q+ {[%clk 00:39:45]} Kxb7 {[%clk
00:57:32]} {[%emt 00:00:14]} 48. Qd7+ {[%clk 00:39:52]} {[%emt 00:00:25]} Kb6
{[%clk 00:57:49]} {[%emt 00:00:12]} 49. Qc8 {[%clk 00:40:08]} {[%emt 00:00:14]}
Kb5 {[%clk 00:57:47]} {[%emt 00:00:32]} 50. Qc7 {[%clk 00:40:29]} {[%emt
00:00:09]} h5 {[%clk 00:57:42]} {[%emt 00:00:35]} 51. Ne4 {[%clk 00:40:39]}
{[%emt 00:00:21]} f5 {[%clk 00:57:46]} {[%emt 00:00:25]} 52. Nd6+ {[%clk
00:40:52]} {[%emt 00:00:18]} Kb4 {[%clk 00:57:41]} {[%emt 00:00:36]} 53. Qc4+
{[%clk 00:41:12]} {[%emt 00:00:11]} Ka5 {[%clk 00:57:40]} {[%emt 00:00:30]} 54.
Qb3 {[%clk 00:41:31]} {[%emt 00:00:11]} Ka6 {[%clk 00:57:29]} {[%emt 00:00:41]}
55. Qb5+ {[%clk 00:41:41]} {[%emt 00:00:20]} Ka7 {[%clk 00:57:19]} {[%emt
00:00:40]} 56. Qb7# {[%clk 00:41:35]} {[%emt 00:00:04]} 1-0

[Event "DEM U10w 2023"]
[Site "Willingen GER"]
[Date "2023.05.28"]
[Round "1"]
[White "Ebel, Io Cornelia"]
[Black "Lange, Lene Marie"]
[Result "0-1"]
[Termination "normal"]
[Board "15"]
[WhiteElo "768"]
[BlackElo "1168"]
[WhiteClock "01:07:23"]
[BlackClock "01:10:19"]
[PlyCount "76"]
[BlackFideId "34639748"]
[EventCountry "GER"]
[EventRounds "11"]
[EventType "swiss"]
[EventDate "2023.05.27"]

1. e4 {[%clk 01:15:58]} {[%emt 00:00:02]} e5 {[%emt 00:00:21]} 2. Nf3 {[%clk
01:16:17]} Nf6 {[%clk 01:16:09]} {[%emt 00:00:11]} 3. Nxe5 {[%clk 01:16:26]}
{[%emt 00:00:20]} d6 {[%clk 01:16:30]} {[%emt 00:00:10]} 4. Nc4 {[%clk
01:16:26]} {[%emt 00:00:28]} Nxe4 {[%clk 01:16:43]} {[%emt 00:00:18]} 5. d3
{[%clk 01:16:32]} {[%emt 00:00:22]} Nf6 {[%clk 01:16:57]} {[%emt 00:00:18]} 6.
Nc3 {[%clk 01:16:20]} {[%emt 00:00:40]} Be7 {[%clk 01:16:29]} {[%emt 00:01:02]}
7. Ne4 {[%clk 01:15:53]} {[%emt 00:00:53]} O-O {[%clk 01:15:18]} {[%emt
00:01:42]} 8. Nxf6+ {[%clk 01:16:07]} {[%emt 00:00:16]} Bxf6 {[%clk 01:15:35]}
{[%emt 00:00:13]} 9. Bf4 {[%clk 01:14:37]} {[%emt 00:01:51]} Be6 {[%clk
01:13:12]} {[%emt 00:03:03]} 10. Qd2 {[%clk 01:13:44]} {[%emt 00:01:19]} Nd7
{[%clk 01:11:52]} {[%emt 00:01:54]} 11. Bh6 {[%emt 00:00:20]} gxh6 {[%emt
00:00:33]} 12. Qxh6 {[%clk 01:13:06]} {[%emt 00:00:15]} Bg7 {[%clk 01:12:16]}
{[%emt 00:00:06]} 13. Qh5 {[%clk 01:13:00]} {[%emt 00:00:17]} Qf6 {[%clk
01:12:31]} {[%emt 00:00:34]} 14. d4 {[%clk 01:11:47]} {[%emt 00:01:43]} Bxc4
{[%clk 01:12:41]} {[%emt 00:00:21]} 15. Bxc4 {[%clk 01:11:52]} {[%emt
00:00:25]} Qxd4 {[%clk 01:11:21]} {[%emt 00:01:50]} 16. Be2 {[%clk 01:11:08]}
{[%emt 00:01:06]} Rfe8 {[%clk 01:11:38]} {[%emt 00:00:20]} 17. Rd1 {[%clk
01:11:09]} {[%emt 00:00:29]} Qe5 {[%clk 01:11:30]} {[%emt 00:00:38]} 18. Rd5
{[%clk 01:10:38]} {[%emt 00:00:57]} Qxh5 {[%clk 01:11:21]} {[%emt 00:00:43]}
19. Rxh5 {[%clk 01:10:50]} {[%emt 00:00:18]} Bxb2 {[%clk 01:11:24]} {[%emt
00:00:26]} 20. O-O {[%clk 01:10:45]} {[%emt 00:00:26]} Rxe2 {[%clk 01:11:39]}
{[%emt 00:00:25]} 21. Rg5+ {[%clk 01:11:04]} {[%emt 00:00:11]} Bg7 {[%clk
01:11:57]} {[%emt 00:00:11]} 22. Rd1 {[%clk 01:10:33]} {[%emt 00:00:55]} Rae8
{[%clk 01:11:30]} {[%emt 00:01:03]} 23. h3 {[%clk 01:10:38]} {[%emt 00:00:23]}
Rxc2 {[%clk 01:10:58]} {[%emt 00:01:05]} 24. Rb1 {[%clk 01:09:38]} {[%emt
00:01:20]} Kf8 {[%clk 01:11:15]} {[%emt 00:00:24]} 25. Rxb7 {[%clk 01:09:28]}
{[%emt 00:00:39]} Be5 {[%clk 01:11:35]} {[%emt 00:00:10]} 26. Rb1 {[%clk
01:09:23]} {[%emt 00:00:31]} Rxa2 {[%clk 01:11:32]} {[%emt 00:00:37]} 27. g3
{[%clk 01:09:23]} {[%emt 00:00:29]} Bd4 {[%clk 01:11:37]} {[%emt 00:00:26]} 28.
Rg4 {[%clk 01:09:05]} {[%emt 00:00:38]} Bxf2+ {[%clk 01:11:55]} {[%emt
00:00:22]} 29. Kg2 {[%clk 01:09:04]} {[%emt 00:00:22]} Bc5+ {[%clk 01:11:28]}
{[%emt 00:01:04]} 30. Kf1 {[%clk 01:08:49]} {[%emt 00:00:38]} Rf2+ {[%clk
01:11:21]} {[%emt 00:00:46]} 31. Kg1 {[%clk 01:08:42]} {[%emt 00:00:33]} Rb2+
{[%clk 01:11:41]} {[%emt 00:00:15]} 32. Kh1 {[%clk 01:08:20]} {[%emt 00:00:50]}
Rxb1+ {[%clk 01:12:02]} {[%emt 00:00:11]} 33. Kg2 {[%emt 00:00:11]} Re2+ {[%emt
00:00:44]} 34. Kf3 {[%emt 00:00:11]} Rbe1 {[%emt 00:00:24]} 35. Kf4 {[%clk
01:06:49]} {[%emt 00:00:20]} Rf1+ {[%clk 01:11:29]} {[%emt 00:01:12]} 36. Kg5
{[%clk 01:06:58]} {[%emt 00:00:12]} Re5+ {[%clk 01:11:24]} {[%emt 00:00:43]}
37. Kh6 {[%clk 01:07:10]} {[%emt 00:00:15]} Rf6+ {[%clk 01:11:34]} {[%emt
00:00:23]} 38. Kxh7 {[%clk 01:07:23]} {[%emt 00:00:18]} Rh5+ {[%clk 01:10:19]}
{[%emt 00:00:26]} 0-1